<?xml version='1.0' encoding='UTF-8'?>
  <record xmlns="http://www.loc.gov/MARC21/slim">
    <leader>00000cam a22000007i 4500</leader>
    <controlfield tag="001">ocm65358522</controlfield>
    <controlfield tag="003">OCoLC</controlfield>
    <controlfield tag="005">20250222043743.6</controlfield>
    <controlfield tag="008">900516s1733    ne            000 0 dut d</controlfield>
    <datafield tag="040" ind1=" " ind2=" ">
      <subfield code="a">NLGGC</subfield>
      <subfield code="b">dut</subfield>
      <subfield code="e">fobidrtb</subfield>
      <subfield code="c">NLGGC</subfield>
      <subfield code="d">QGJ</subfield>
      <subfield code="d">OCLCQ</subfield>
    </datafield>
    <datafield tag="029" ind1="0" ind2=" ">
      <subfield code="a">NLGGC</subfield>
      <subfield code="b">061523380</subfield>
    </datafield>
    <datafield tag="035" ind1=" " ind2=" ">
      <subfield code="a">(OCoLC)65358522</subfield>
    </datafield>
    <datafield tag="245" ind1="0" ind2="0">
      <subfield code="a">Generale inhoud van alle de placaten, ordonnantien, resolutien, statuten, edicten, handvesten, privilegien, en andere acten, begrepen in de ses registers op het Groot Utrechts Placaetboek.</subfield>
    </datafield>
    <datafield tag="260" ind1=" " ind2=" ">
      <subfield code="a">T'Utrecht :</subfield>
      <subfield code="b">by Jacob van Poolsum,</subfield>
      <subfield code="c">1733.</subfield>
    </datafield>
    <datafield tag="300" ind1=" " ind2=" ">
      <subfield code="a">VI, 510 p. ;</subfield>
      <subfield code="c">21 cm (8-o)</subfield>
    </datafield>
    <datafield tag="336" ind1=" " ind2=" ">
      <subfield code="a">tekst</subfield>
      <subfield code="b">txt</subfield>
      <subfield code="2">rdacontent/dut</subfield>
    </datafield>
    <datafield tag="337" ind1=" " ind2=" ">
      <subfield code="a">zonder medium</subfield>
      <subfield code="b">n</subfield>
      <subfield code="2">rdamedia/dut</subfield>
    </datafield>
    <datafield tag="338" ind1=" " ind2=" ">
      <subfield code="a">band</subfield>
      <subfield code="b">nc</subfield>
      <subfield code="2">rdacarrier/dut</subfield>
    </datafield>
    <datafield tag="500" ind1=" " ind2=" ">
      <subfield code="a">Voor hoofdwerk zie: Groot placaatboek vervattende alle de placaten, ordonnantien en edicten, der edele mogende heeren Staten 's lands van Utrech mitsgaders van de ed. groot achtb. heeren borgemeesteren en vroedschap der stad Utrecht, tot het jaar 1728 ingesloten.</subfield>
    </datafield>
    <datafield tag="776" ind1="0" ind2=" ">
      <subfield code="t">Generale inhoud van alle de placaten, ordonnantien, resolutien, statuten, edicten, handvesten, privilegien, en andere acten, begrepen in de ses registers op het Groot Utrechts Placaetboek</subfield>
      <subfield code="w">(NL-LeOCL)425966852</subfield>
    </datafield>
    <datafield tag="776" ind1="0" ind2=" ">
      <subfield code="t">Generale inhoud van alle de placaten, ordonnantien, resolutien, statuten, edicten, handvesten, privilegien, en andere acten, begrepen in de ses registers op het Groot Utrechts Placaetboek</subfield>
      <subfield code="w">(NL-LeOCL)425966860</subfield>
    </datafield>
    <datafield tag="776" ind1="0" ind2=" ">
      <subfield code="t">Generale inhoud van alle de placaten, ordonnantien, resolutien, statuten, edicten, handvesten, privilegien, en andere acten, begrepen in de ses registers op het Groot Utrechts Placaetboek</subfield>
      <subfield code="w">(NL-LeOCL)425966879</subfield>
    </datafield>
    <datafield tag="776" ind1="0" ind2=" ">
      <subfield code="t">Generale inhoud van alle de placaten, ordonnantien, resolutien, statuten, edicten, handvesten, privilegien, en andere acten, begrepen in de ses registers op het Groot Utrechts Placaetboek</subfield>
      <subfield code="w">(NL-LeOCL)425966887</subfield>
    </datafield>
    <datafield tag="776" ind1="0" ind2=" ">
      <subfield code="t">Generale inhoud van alle de placaten, ordonnantien, resolutien, statuten, edicten, handvesten, privilegien, en andere acten, begrepen in de ses registers op het Groot Utrechts Placaetboek</subfield>
      <subfield code="w">(NL-LeOCL)425966895</subfield>
    </datafield>
    <datafield tag="776" ind1="0" ind2=" ">
      <subfield code="t">Generale inhoud van alle de placaten, ordonnantien, resolutien, statuten, edicten, handvesten, privilegien, en andere acten, begrepen in de ses registers op het Groot Utrechts Placaetboek</subfield>
      <subfield code="w">(NL-LeOCL)425966909</subfield>
    </datafield>
    <datafield tag="776" ind1="0" ind2=" ">
      <subfield code="t">Generale inhoud van alle de placaten, ordonnantien, resolutien, statuten, edicten, handvesten, privilegien, en andere acten, begrepen in de ses registers op het Groot Utrechts Placaetboek</subfield>
      <subfield code="w">(NL-LeOCL)425966917</subfield>
    </datafield>
    <datafield tag="776" ind1="0" ind2=" ">
      <subfield code="t">Generale inhoud van alle de placaten, ordonnantien, resolutien, statuten, edicten, handvesten, privilegien, en andere acten, begrepen in de ses registers op het Groot Utrechts Placaetboek</subfield>
      <subfield code="w">(NL-LeOCL)425966925</subfield>
    </datafield>
    <datafield tag="936" ind1=" " ind2=" ">
      <subfield code="a">BATCHLOAD</subfield>
    </datafield>
  </record>